Vzťah EZVO a EÚ
Tri obdobia vzťahu EÚ a Európskeho združenia voľného obchodu (EZVO). Luxemburský proces, Luxemburská deklarácia. Vzťahy EÚ s vonkajším svetom.
Salvato in:
| Autore principale: | |
|---|---|
| Natura: | Capitolo di libro |
| Lingua: | slovacco |
| Soggetti: | |
| Tags: |
Nessun Tag, puoi essere il primo ad aggiungerne!!
|
MARC
| LEADER | 00000naa$a2200000$$$4500 | ||
|---|---|---|---|
| 001 | 0098198 | ||
| 005 | 20240502072102.7 | ||
| 041 | 0 | |a slo | |
| 044 | |a SK | ||
| 245 | 1 | 0 | |a Vzťah EZVO a EÚ |c Andrea Vargová |
| 520 | |a Tri obdobia vzťahu EÚ a Európskeho združenia voľného obchodu (EZVO). Luxemburský proces, Luxemburská deklarácia. Vzťahy EÚ s vonkajším svetom. | ||
| 610 | 2 | 0 | |a Európska únia |
| 610 | 2 | 0 | |a obchod voľný |
| 610 | 2 | 0 | |a združenia |
| 610 | 2 | 0 | |a vzťahy hospodárske vonkajšie |
| 610 | 2 | 0 | |a vzťahy obchodné |
| 100 | 1 | |a Vargová, Andrea | |